Cuentos de cine / (Record no. 53996)
[ view plain ]
| 000 -LEADER | |
|---|---|
| campo de control de longitud fija | 01650nam a2200349 i 4500 |
| 001 - NÚMERO DE CONTROL | |
| campo de control | 53996 |
| 003 - IDENTIFICADOR DE NÚMERO DE CONTROL | |
| campo de control | ES-MaACL |
| 005 - FECHA Y HORA DE LA ÚLTIMA TRANSACCIÓN | |
| campo de control | 20250825062628.0 |
| 007 - CAMPO FIJO DE DESCRIPCIÓN FÍSICA--INFORMACIÓN GENERAL | |
| campo de control de longitud fija | t| |
| 008 - DATOS DE LONGITUD FIJA--INFORMACIÓN GENERAL | |
| campo de control de longitud fija | 031120s2002 sp f |||| |dspa d |
| 020 ## - NÚMERO INTERNACIONAL ESTÁNDAR DEL LIBRO | |
| Número Internacional Estándar del Libro | 84-9740-023-2 |
| 080 ## - NÚMERO DE LA CLASIFICACIÓN DECIMAL UNIVERSAL | |
| Número de la Clasificación Decimal Universal | 821.134.2-34"18/19"(082.2) |
| 080 ## - NÚMERO DE LA CLASIFICACIÓN DECIMAL UNIVERSAL | |
| Número de la Clasificación Decimal Universal | 791.43(0:82) |
| 245 00 - MENCIÓN DEL TÍTULO | |
| Título | Cuentos de cine / |
| Mención de responsabilidad, etc. | Vicente Blasco Ibáñez ... [et al.] ; edición a cargo de Jesús Fernández Vallejo. |
| 260 ## - PUBLICACIÓN, DISTRIBUCIÓN, ETC. | |
| Lugar de publicación, distribución, etc. | Madrid : |
| Nombre del editor, distribuidor, etc. | Castalia, |
| Fecha de publicación, distribución, etc. | [2002] |
| 300 ## - DESCRIPCIÓN FÍSICA | |
| Extensión | 209 p., [6] p. de lám. ; |
| Dimensiones | 19 cm. |
| 490 1# - MENCIÓN DE SERIE | |
| Mención de serie | Castalia prima ; |
| Designación de volumen o secuencia | 19 |
| 504 ## - NOTA DE BIBLIOGRAFÍA, ETC. | |
| Nota de bibliografía, etc. | Bibliografía: p. 205-208. |
| 505 0# - NOTA DE CONTENIDO CON FORMATO | |
| Nota de contenido con formato | La vieja del cinema / Vicente Blasco Ibáñez . Una película del "Quijote" / Serafín y Joaquín Álvarez Quintero . Polar, estrella / Francisco Ayala . La oficina / Carmen Martín Gaite . Cinema Ideal / Rafael Azcona . El doble / Jesús Fernández Santos . El niño lobo del Cine Mari / José María Merino . Adiós, Antinea / Marina Mayoral . Un paciente impaciente / Gonzalo Suárez . Los mejores años de nuestra vida / José Luis Garci |
| 650 #4 - PUNTO DE ACCESO ADICIONAL DE MATERIA--TÉRMINO DE MATERIA | |
| Término de materia o nombre geográfico como elemento de entrada | Cuentos españoles- |
| Subdivisión cronológica | S.XIX. |
| 9 (RLIN) | 172955 |
| 650 #4 - PUNTO DE ACCESO ADICIONAL DE MATERIA--TÉRMINO DE MATERIA | |
| Término de materia o nombre geográfico como elemento de entrada | Cuentos españoles- |
| Subdivisión cronológica | S.XX. |
| 9 (RLIN) | 11487 |
| 650 #4 - PUNTO DE ACCESO ADICIONAL DE MATERIA--TÉRMINO DE MATERIA | |
| Término de materia o nombre geográfico como elemento de entrada | Cuentos- |
| Subdivisión de forma | Libros infantiles. |
| 9 (RLIN) | 11478 |
| 650 #4 - PUNTO DE ACCESO ADICIONAL DE MATERIA--TÉRMINO DE MATERIA | |
| Término de materia o nombre geográfico como elemento de entrada | Cine- |
| Subdivisión general | En la literatura. |
| 9 (RLIN) | 173375 |
| 655 #7 - TERMINO DE INDIZACIÓN--GENERO/FORMA | |
| Datos o término principal de género/forma | Libros infantiles |
| Fuente del término | tgfbne |
| 9 (RLIN) | 226786 |
| 700 1# - ENTRADA AGREGADA--NOMBRE PERSONAL | |
| Nombre de persona | Fernández Vallejo, Jesús. |
| 9 (RLIN) | 50141 |
| 700 1# - ENTRADA AGREGADA--NOMBRE PERSONAL | |
| Nombre de persona | Blasco Ibáñez, Vicente, |
| Fechas asociadas al nombre | 1867-1928 |
| 9 (RLIN) | 29388 |
| 700 1# - ENTRADA AGREGADA--NOMBRE PERSONAL | |
| Nombre de persona | Álvarez Quintero, Joaquín, |
| Fechas asociadas al nombre | 1873-1944 |
| 9 (RLIN) | 20922 |
| 700 1# - ENTRADA AGREGADA--NOMBRE PERSONAL | |
| Nombre de persona | Álvarez Quintero, Serafín, |
| Fechas asociadas al nombre | 1871-1938 |
| 9 (RLIN) | 226443 |
| 830 1# - PUNTO DE ACCESO ADICIONAL DE SERIE-TÍTULO UNIFORME | |
| Título uniforme | Castalia prima ; |
| Designación de volumen o secuencia | 19 |
| 9 (RLIN) | 182481 |
| 852 4# - LOCALIZACIÓN | |
| Ubicación | ES-MaACL |
| Número de control de estantería | L-26681 |
| Estatus retirado | Estado de pérdida | Estado de daño | No para préstamo | Biblioteca de origen | Biblioteca actual | Ubicación en estantería | Fecha de adquisición | Fuente de adquisición | Total de préstamos | Signatura topográfica completa | Código de barras | Visto por última vez | Precio de reemplazo | Tipo de ítem Koha |
|---|---|---|---|---|---|---|---|---|---|---|---|---|---|---|
| Biblioteca del Ateneo de Madrid | Biblioteca del Ateneo de Madrid | Depósito 2 | 17/01/2008 | L-26681 | 1056748 | 23/02/2023 | 23/02/2023 | Libro impreso |
